000 01843nam a2200253Ia 4500
999 _c51794
_d51794
001 18786
003 GE_BSU
005 20220920103910.0
008 181216s2012||||ge |||||||||||||| ||geo||
040 _cGE_BSU
041 _ageo
080 _a61 ს-52
100 _aსინაურიძე, ოლიფანტე
_911696
245 _a ახალშობილ ვირთაგვებში დექსამეტაზონის სუბქრონიკული შეყვანით გამოწვეული ცვლილებების მექანიზმი" : დისერტაცია /
_cოლიფანტე სინაურიძე; სამეცნიერო ხელმძღვანელი გურამ ბექაია, ბესარიონ ტყეშელაშვილი; თბილისის სახელმწიფო სამედიცინო უნივერსიტეტი.
264 _aთბილისი,
_c2012.
300 _a162 გვ.;
_b30 სმ.
653 _aგესტაციის გავლენა ეპილეფსიის ზოგიერთი ფორმის განვითარებასა და მიმდინარეობაზე
653 _aდისერტაცია
653 _aმედიცინა
700 _aბექაია, გურამ
_e სამეცნიერო ხელმძღვანელი
_91690
700 _aტყეშელაშვილი, ბესარიონ
_e სამეცნიერო ხელმძღვანელი
_911272
710 _aთბილისის სახელმწიფო სამედიცინო უნივერსიტეტი
_911697
942 _cBK
_2udc